书目信息 |
| 题名: |
防水工程材料
|
|
| 作者: | 吴明 主编 | |
| 分册: | ||
| 出版信息: | 北京 中国建筑工业出版社 2010.01 |
|
| 页数: | 18,234页 | |
| 开本: | 23cm | |
| 丛书名: | 防水工程技术丛书 | |
| 单 册: | ||
| 中图分类: | TU57 | |
| 科图分类: | ||
| 主题词: | 建筑材料--防水材料 , 建筑材料 , 防水材料 | |
| 电子资源: | ||
| ISBN: | 978-7-112-10948-7 | |
| 000 | 00889oam2 2200277 450 | |
| 001 | 012004424217 | |
| 005 | 20120628152929.34 | |
| 010 | @a978-7-112-10948-7@dCNY34.00 | |
| 100 | @a20100225d2010 em y0chiy0110 ea | |
| 101 | 0 | @achi |
| 102 | @aCN@b110000 | |
| 105 | @aak z 000yy | |
| 106 | @ar | |
| 200 | 1 | @a防水工程材料@9fang shui gong cheng cai liao@f吴明主编 |
| 210 | @a北京@c中国建筑工业出版社@d2010.01 | |
| 215 | @a18,234页@c图@d23cm | |
| 225 | 2 | @a防水工程技术丛书 |
| 330 | @a本书内容包括:防水材料的分类及发展、防水材料的基本性质、防水材料标准、防水混凝土、防水砂浆、灌浆材料、防水卷材、防水涂料、防水密封材料及防水材料试验等。 | |
| 461 | 0 | @12001 @a防水工程技术丛书 |
| 606 | 0 | @a建筑材料@x防水材料 |
| 606 | 0 | @a建筑材料 |
| 606 | 0 | @a防水材料 |
| 690 | @aTU57@v4 | |
| 701 | 0 | @a吴明@9wu ming@4主编 |
| 801 | 0 | @aCN@bNLC@c20100225 |
| 905 | @b541578-82@dTU57@e555@f5 | |
| 防水工程材料/吴明主编.-北京:中国建筑工业出版社,2010.01 |
| 18,234页:图;23cm.-(防水工程技术丛书) |
| ISBN 978-7-112-10948-7:CNY34.00 |
| 本书内容包括:防水材料的分类及发展、防水材料的基本性质、防水材料标准、防水混凝土、防水砂浆、灌浆材料、防水卷材、防水涂料、防水密封材料及防水材料试验等。 |
| ● |
| 相关链接 |
|
|
|
|
正题名:防水工程材料
索取号:TU57/555
 
预约/预借
| 序号 | 登录号 | 条形码 | 馆藏地/架位号 | 状态 | 备注 |
| 1 | 541578 | 205415781 | 第二样本阅览室/ [索取号:TU57/555] | 在馆 | |
| 2 | 541579 | 205415790 | 第三借阅区/ [索取号:TU57/555] | 在馆 | |
| 3 | 541580 | 205415807 | 第三借阅区/ [索取号:TU57/555] | 在馆 | |
| 4 | 541581 | 205415816 | 第三借阅区/ [索取号:TU57/555] | 在馆 | |
| 5 | 541582 | 205415825 | 第三借阅区/ [索取号:TU57/555] | 在馆 |